000 01018nam a2200277Ia 4500
003 OSt
005 20221005110419.0
006 a|||||r|||| 00| 0
007 ta
008 221004b |||||||| |||| 00| 0 hin d
020 _a8170166721 (hbk)
_c175
024 _a99302
037 _b355, 02/03/2010, Swaraj Prakashan
_cTextual
040 _aCRL
_cCRL
_bhin
041 _2hin
_ahin
082 _aO152,3N373w, P4
100 _aरमेशचन्द्र शाह
245 0 _aमेरे साक्षात्कार
246 _aMere sākṣhātkāra
260 _aनई दिल्ली
_bकिताबघर प्रकाशन भारत
_c2004
300 _a157पृ0
_ccm.
490 _aमेरे साक्षात्कार सीरीज़
650 _aहिन्दी साहित्य
942 _hO152,3N373w, P4
_cTEXL
_2cc
999 _c1018728
_d1018728